Les meilleurs buteurs du Big Five sur la saison 2024-2025 (Football) - Statistiques

Statistiques générales
  • Ce quiz a été pris 174 fois
    30 depuis la dernière actualisation
  • Le résultat moyen est 22 sur 30
Statistiques - réponses
Rang Buts Club Joueur % Correct
1 44 Real Madrid Kylian Mbappé
100%
26 20 Atalanta Bergame Ademola Lookman
96%
6 34 Manchester City Erling Haaland
96%
3 41 Bayern Munich Harry Kane
96%
- 34 Liverpool Mohamed Salah
96%
5 35 Paris SG Ousmane Dembélé
96%
2 42 FC Barcelone Robert Lewandowski
96%
- 25 Lille Jonathan David
92%
9 29 Atletico Madrid Julián Álvarez
92%
- 24 Inter Milan Lautaro Martínez
92%
4 38 Borussia Dortmund Sehrou Guirassy
92%
- 22 Real Madrid Vinicius Jr
92%
- 34 FC Barcelone Raphinha
88%
- 27 Newcastle Alexander Isak
85%
- 21 Paris SG Bradley Barcola
81%
- 20 Bayern Munich Michael Olise
81%
23 21 Bayern Munich Jamal Musiala
77%
- 22 Marseille Mason Greenwood
77%
- 22 Eintracht Francfort Hugo Ekitike
73%
- 28 Manchester City Omar Marmoush
65%
- 20 Brentford Bryan Mbeumo
62%
16 24 Atlético Madrid Alexander Sørloth
54%
10 28 Atalanta Bergame Mateo Retegui
54%
14 25 Fiorentina Moise Kean
54%
12 27 Bayer Leverkusen Patrik Schick
54%
- 21 RB Leipzig Benjamin Sesko
50%
- 20 Nottingham Forest Chris Wood
46%
- 24 Osasuna Ante Budimir
38%
- 20 Brentford Yoane Wissa
38%
19 22 Villarreal Ayoze Pérez
12%
Aucun quiz correspondant
Distribution des résultats
% des personnes avec chaque résultat
Percentile par nombre de réponses
Votre historique - résultats
Vous n’avez pas pris ce quiz depuis la dernière actualisation